Регионална библиотека "Любен Каравелов" - Русе

Строители - новатори (Запис номер 152482)

MARC детайли
000 -Лидер
Контролно поле с фиксирана дължина 01420nam a2200313 c 4500
003 - Код на организацията, давaща контролен номер
Контролно поле BLK
005 - Дата и час на последна редакция
Контролно поле 20180422113144.0
008 - Елементи от данни с фиксирана дължина
fixed length control field 180410b bul|||||r ||||||| ||bul||
010 ## - Наследен системен номер
LC control number KNG00158967000
040 ## - Източник на каталожния запис
Идентификатор на билиотеката - собственик на записа BLK
041 ## - Код за език
Код за езика на текст/звукозапис или на отделно заглавие Български
Код за езика КДБФ Български
080 ## - УДК
Текстов определител УДК Строителни конструкции. Подземно, ниско и високо строителство. Строителство на тунели и мостове
УДК код - определител по УДК 624
УДК определител
УДК - код + определител 624
100 1# - Редна дума - Автор
Автор Бузин, Николай
Авторска отговорност първи автор
R(LIN) 369842
139 ## - Редно поле
Редна дума Бузин, Николай
Авторски знак Бу - Б 84
245 10 - Сведения за заглавието
Заглавие Строители - новатори
Подзаглавни данни Из опита на Окр. строит. мантажна организация - Ст. Загора
Редно поле (дума) Николай Бузин.
257 ## - Страна на издаване
Страна на създаване/издаване България
260 ## - Област на издателските данни
-- София
Име на издателя, разпространителя и проч. Профиздат
Година на издаване 1965
300 ## - Физическа характеристика
Страници 80 с.
Размери/Мащаб 18 см
380 ## - Жанр
Жанр Техника
490 1# - СЕРИИ (Колекции)
Име на серия Да следваме челниците
500 ## - Общи забележки
Забележка Изд. на Профсъюз на работниците от строителството и строит. пром. ЦК.
650 #4 - Допълнително описание по предмет – тема
Основно описание – тема или топоним Строителство
9 (RLIN) 172631
653 ## - Ключова дума – ненормативна
Ключова дума строително-монтажни организации
852 ## - Местоположение
Форматна сигнатура Цб І 7517
856 4# - Електронен адрес и достъп
Електронен формат pdf - файл
Път до файла /url/
856 4# - Електронен адрес и достъп
Електронен формат pdf - файл
Път до файла /url/
942 ## - АРТИКУЛИ
Вид на библиотечния материал Книги
Скрит в OPAC Не
944 ## - СЪЗДАВАНЕ И РЕДАКЦИЯ на ЗАПИСА
Създаване/Редакция Създаване
Дата на регистрацията/редакция 01.04.2014
Статус, дата на статуса 01.04.2014 - от С1,Р / 01.04.2014
Служител, извършил регистрацията/редакцията Ивелин_Милков
944 ## - СЪЗДАВАНЕ И РЕДАКЦИЯ на ЗАПИСА
Създаване/Редакция Редакция
Дата на регистрацията/редакция 01.04.2014
Статус, дата на статуса 01.04.2014 - от С1,Р / 01.04.2014
Служител, извършил регистрацията/редакцията
999 ## - СИСТЕМНИ КОНТРОЛНИ НОМЕРА
Koha biblionumber 152482
Koha biblioitemnumber 152482
Наличности
Код за отписване Код за изгубен артикул Източник на класификационната схема Код за повреда Коз за рестрикции Код за отдаване Артикулен № Име на библиотеката - собственик Име на библиотеката, в която се намира в момента Статус (Текущо местоположение) Дата на вписване в системата Местоположение - отдел Цена в лева Инвентарен номер Систематично азбучна сигнатура Баркод Номер на екземпляра Цена в евро Служебна бележка Служебен тип на артикула
  Не е изгубен Universal Decimal Classification Не е повреден само за читалня ползва се в читалня 254849 Регионална библиотека "Любен Каравелов" Русе Регионална библиотека "Любен Каравелов" Русе Хранилище 1965-01-01 Хранилище 0.16 8061/65 Цб І 7517 900000028814 1 0.08 N: стар фонд Дата: 01.01.1965 Книги
Vip Innovations Ltd, Rousse, Bulgaria 2025